Score 0/37 Timer 05:00
0 Plays Today
Hint Four Letter Word % Correct
Sometimes less is thisMORE
93.5%
Boxer Tyson, or short form for God's angel of kindness●MIKE●
93%
An armoured vehicleTANK
89.9%
The bottom of a footSOLE
87.6%
A bundle of hay or cottonBALE
87.3%
Found in similes but not in metaphorsLIKE
87%
Traditional knowledgeLORE
85.9%
Oprah's primary duty at workTALK
85.7%
The Doors had no time to wallow in thisMIRE
85.5%
A pitcher's mistakeBALK
82.4%
Soaks up the sunTANS
79.6%
Reynolds, Lancaster, or BacharachBURT
79.5%
Tank Girl's Petty or Full House's LoughlinLORI
78.2%
Actor Perry, or short form for God's first living creation●LUKE●
77.8%
Traditional Indian garmentSARI
77.8%
Tree coveringBARK
77.5%
Tom Cruise and Katie Holmes' daughterSURI
76.9%
What to do if an angel named Harold is singingHARK
75.1%
Drawing a jack when you hit on 14BUST
74.2%
Hint Four Letter Word % Correct
Fish keep falling for thisLURE
74.1%
Exotic spy Mata ____HARI
74%
Found in some yards and garagesSALE
73.3%
It blew Dorothy out of KansasGALE
73.2%
'That'll clue, pig. That'll clue.'BABE
72.2%
Brand of antiperspirantSURE
70.5%
Holding a grudgeSORE
70%
Actor Kaplan, or the short form for God's angel of justice●GABE●
69%
A burning one of these is probably a signBUSH
65.4%
How a bugler marks the end of the dayTAPS
64.2%
Astronaut Gagarin, or short form for God's angel of destiny●YURI●
61.2%
QB Starr, or short form for one of the renegade angels in the movie 'Dogma'●BART(LEBY)●
61%
Hootenanny, soiree, wingdingBASH
60%
A circular, domed, portable tentYURT
59.5%
Hasty, reckless, unwaryRASH
58.9%
Trickster god, or one of the renegade angels in the movie 'Dogma'●LOKI●
57.9%
Classic MTV show, 'Yo! MTV ____'RAPS
56.6%
Short form for a Ninja Turtle, or for God's healing force●RAPH●
54.9%

Today's Daily Dose

Remove Ads.
Support Sporcle.
Get the best of Sporcle when you Go Orange. This ad-free experience offers more features, more stats, and more fun while also helping to support Sporcle. Thank you for becoming a member.

You're not logged in!

Compare scores with friends on all Sporcle quizzes.
OR
Log In

Show Comments

Extras

Top Quizzes Today


Score Distribution

Your Account Isn't Verified!

In order to create a playlist on Sporcle, you need to verify the email address you used during registration. Go to your Sporcle Settings to finish the process.

Report this User

Report this user for behavior that violates our Community Guidelines.

Details: